| 000 | 00718nam a22002057a 4500 | ||
|---|---|---|---|
| 999 |
_c7327 _d7327 |
||
| 003 | AR-CdUCM | ||
| 008 | 190320b ||||| |||| 00| 0 spa d | ||
| 020 | _a84-7561-796-4 | ||
| 040 |
_aMUNICIPALIDAD PROVINCIAL DEL CUSCO _cBIBLIOTECA MUNICIPAL DEL CUSCO |
||
| 082 |
_a133.4 / _bK83 |
||
| 100 |
_aKrofer, Hans _915549 |
||
| 245 | _aMagia roja y magia negra / | ||
| 300 |
_a159 páginas ; _b22 cm. |
||
| 505 | _aContenido : Tabla de los días felices y desgraciados -- Invocaciones, pactos y exorcismos -- El gran grimorio o el pacto de la sangre -- Magia Caldea y Egipcia ... | ||
| 650 |
_aMagia _920651 |
||
| 650 |
_aExorcismo _920652 |
||
| 650 |
_aEsoterismo _915865 |
||
| 942 |
_2ddc _cLIBROS |
||
| 945 | _arah | ||